Anar al contingut

Краткий исторический очерк двухсотлетия города Кронштадта

Перешедшие в общественное достояние материалы электронного фонда ЦГПБ им. В.В. Маяковского. Сведения о издательстве или типографии: тип. т-ва "Кронштадт. вестн.". Место издания: Кронштадт...

Descripció completa

Guardat en:
Dades bibliogràfiques
Autor principal: Тимофеевский Ф. А.
Format: Книга
Idioma:Russian
Publicat: Санкт-Петербург ЦГПБ им. В.В. Маяковского 1913
Accés en línia:http://e.lanbook.com/books/element.php?pl1_id=68413
https://e.lanbook.com/img/cover/book/68413.jpg
Etiquetes: Afegir etiqueta
Sense etiquetes, Sigues el primer a etiquetar aquest registre!
LEADER 01356nam0a2200229 i 4500
001 68413
003 RuSpLAN
005 20221220173942.0
008 221220s1913 ru gs 000 0 rus
040 |a RuSpLAN 
041 0 |a rus 
044 |a ru 
245 0 0 |a Краткий исторический очерк двухсотлетия города Кронштадта  |c Тимофеевский Ф. А. 
260 |a Санкт-Петербург  |b ЦГПБ им. В.В. Маяковского  |c 1913 
300 |a 288 с. 
504 |a Библиогр.: доступна в карточке книги, на сайте ЭБС Лань 
520 8 |a Перешедшие в общественное достояние материалы электронного фонда ЦГПБ им. В.В. Маяковского. Сведения о издательстве или типографии: тип. т-ва "Кронштадт. вестн.". Место издания: Кронштадт 
521 8 |a Книга из коллекции ЦГПБ им. В.В. Маяковского - Социально-гуманитарные науки 
100 1 |a Тимофеевский Ф. А. 
856 4 |u http://e.lanbook.com/books/element.php?pl1_id=68413 
856 4 8 |u https://e.lanbook.com/img/cover/book/68413.jpg 
953 |a https://e.lanbook.com/img/cover/book/68413.jpg